Clea
Es la cuarta y última novela del cuarteto de Alejandría que relata el mundo de Darley, en esta obra el narrador es Darley (seis años después de Justine) que vive con su hija ilegítima; en ella nos relata sucesos pasados de los anteriores aventuras para mantener la compleja historia de amor y engaños...
Enregistré dans:
| Auteur principal: | |
|---|---|
| Format: | Livre |
| Langue: | Undetermined |
| Publié: |
París, Francia
Correa, Buchet/chastel
1960
|
| Sujets: | |
| Tags: |
Ajouter un tag
Pas de tags, Soyez le premier à ajouter un tag!
|
MARC
| LEADER | 00000nam a2200000Ia 4500 | ||
|---|---|---|---|
| 008 | 170316s9999 xx 000 0 und d | ||
| 040 | |a cru BVZT | ||
| 090 | |a 820 D-13cl | ||
| 100 | |a Durrell, Lawrence | ||
| 245 | |a Clea | ||
| 260 | |a París, Francia | ||
| 260 | |b Correa, Buchet/chastel | ||
| 260 | |c 1960 | ||
| 300 | |a 359 páginas | ||
| 520 | |a Es la cuarta y última novela del cuarteto de Alejandría que relata el mundo de Darley, en esta obra el narrador es Darley (seis años después de Justine) que vive con su hija ilegítima; en ella nos relata sucesos pasados de los anteriores aventuras para mantener la compleja historia de amor y engaños. Asimismo el autor mantiene la temática de amor moderno | ||
| 650 | |a LITERATURA INGLESA |9 12 | ||
| 999 | |c 6834 |d 6834 | ||
| 942 | |c 15 D |h 820 D-13cl |2 z | ||
